Official expert witness code suffers new delay (Record no. 68880)
[ view plain ]
| 000 -LEADER | |
|---|---|
| fixed length control field | 00923cam a2200217 4500 |
| 001 - CONTROL NUMBER | |
| control field | WB3744-26 |
| 008 - FIXED-LENGTH DATA ELEMENTS--GENERAL INFORMATION | |
| fixed length control field | 011121n2001 000 0 eng u |
| 035 ## - SYSTEM CONTROL NUMBER | |
| System control number | (Sirsi) u115656 |
| 245 ## - TITLE STATEMENT | |
| Title | Official expert witness code suffers new delay |
| 260 ## - PUBLICATION, DISTRIBUTION, ETC. | |
| Date of publication, distribution, etc. | 2001 |
| 490 ## - SERIES STATEMENT | |
| Series statement | Solicitors' Journal |
| Volume/sequential designation | 145(43) 16 November 2001, 1046(1) |
| 520 ## - SUMMARY, ETC. | |
| Summary, etc. | Code of guidance for expert witnesses has been delayed once again. The code was originally proposed as part of Lord Woolf's reforms of the civil courts but the academy of Experts refused to agree the draft code at the last minute. Lord Philips has set a deadline for experts to agree a new code. |
| 590 ## - LOCAL NOTE (RLIN) | |
| Local note | WB |
| 650 ## - SUBJECT ADDED ENTRY--TOPICAL TERM | |
| Topical term or geographic name entry element | EXPERT WITNESS |
| 9 (RLIN) | 6239 |
| 650 ## - SUBJECT ADDED ENTRY--TOPICAL TERM | |
| Topical term or geographic name entry element | CODE OF GUIDANCE FOR EXPERTS |
| 650 ## - SUBJECT ADDED ENTRY--TOPICAL TERM | |
| Topical term or geographic name entry element | EXPERT WITNESS INSTITUTE |
| 650 ## - SUBJECT ADDED ENTRY--TOPICAL TERM | |
| Topical term or geographic name entry element | LORD WOOLF |
| 650 ## - SUBJECT ADDED ENTRY--TOPICAL TERM | |
| Topical term or geographic name entry element | CIVIL PROCEDURE RULES |
| 690 ## - LOCAL SUBJECT ADDED ENTRY--TOPICAL TERM (OCLC, RLIN) | |
| Topical term or geographic name as entry element | MANAGEMENT-BUSINESS MANAGEMENT-PROFESSIONAL PRACTICE |
| 942 ## - ADDED ENTRY ELEMENTS (KOHA) | |
| Suppress in OPAC | 0 |
| Withdrawn status | Lost status | Source of classification or shelving scheme | Damaged status | Not for loan | Home library | Current library | Shelving location | Date acquired | Total Checkouts | Full call number | Barcode | Date last seen | Copy number | Price effective from | Koha item type |
|---|---|---|---|---|---|---|---|---|---|---|---|---|---|---|---|
| Dewey Decimal Classification | London | London | News article | 21/11/2001 | WB3744-26 | 115656-1001 | 06/08/2019 | 1 | 06/08/2019 | News article |